Top 50 Best Dutch Footballers Ever - Statistics

General Stats
  • This quiz has been taken 1,715 times
  • The average score is 17 of 50
Answer Stats
Place Name % Correct
#1 Johan Cruijff
96%
#2 Marco van Basten
89%
#12 Robin van Persie
87%
#4 Ruud Gullit
87%
#3 Arjen Robben
84%
#17 Edwin van der Sar
78%
#8 Wesley Sneijder
72%
#9 Ronald Koeman
70%
#7 Frank Rijkaard
68%
#6 Dennis Bergkamp
67%
#14 Ruud van Nistelrooy
66%
#10 Clarence Seedorf
61%
#24 Frank de Boer
60%
#25 Ronald de Boer
60%
#21 Patrick Kluivert
55%
#26 Edgar Davids
51%
#33 Marc Overmars
45%
#23 Rafael van der Vaart
44%
#15 Jaap Stam
42%
#18 Johan Neeskens
41%
#38 Giovanni van Bronckhorst
37%
#28 Mark van Bommel
37%
#47 Danny Blind
30%
#27 Philip Cocu
29%
#20 Ruud Krol
27%
#5 Willem van Hanegem
25%
#34 Johnny Rep
22%
#11 Rob Rensenbrink
20%
#40 Hans van Breukelen
19%
#35 Roy Makaay
17%
#29 Abe Lenstra
15%
#22 Arie Haan
14%
#16 Piet Keizer
13%
#37 Sjaak Swart
13%
#41 Wim Jansen
11%
#13 Faas Wilkes
10%
#31 Rinus Israel
8%
#44 Arnold Muhren
7%
#45 Coen Moulijn
7%
#46 Gerald Vanenburg
6%
#19 Willy van der Kuijlen
6%
#30 Jan van Beveren
4%
#48 Ruud Geels
4%
#32 Beb Bakhuys
2%
#39 Kees Rijvers
2%
#36 Cor van der Hart
1%
#43 Frans de Munck
1%
#42 Harry Denis
1%
#49 Huug de Groot
1%
#50 Willy Brokamp
1%
No matching quizzes found
Score Distribution
Percent of People with Each Score
Percentile by Number Answered
Your Score History
You have not taken this quiz